000
00329 a2200157 4500
001
155424
040
_c
Escola São Tomás de Aquino
100
_a
ROCHA, Gladys
240
1
0
_a
Português
_l
por
245
1
0
_a
Português
300
_a
160
362
0
_a
1999
440
1
_a
Moderna
697
_a
Língua portuguesa
942
_c
BK
999
_c
155424
_d
155424